| 000 | 01619nam a2200409 a 4500 | ||
|---|---|---|---|
| 999 |
_c150278 _d150278 |
||
| 003 | BLK | ||
| 005 | 20250729104820.0 | ||
| 008 | 180410b bul|||||r ||||||| ||bul|| | ||
| 010 | _aKNG00156597000 | ||
| 020 | _a978-954-8396-58-5 | ||
| 020 | _a978-954-8396-57-8 | ||
| 040 | _aBLK | ||
| 041 |
_aBUL _cBUL |
||
| 072 | 7 |
_2bullib _aН85 _xДетска художествена литература Н |
|
| 080 |
_aАмериканска литература (на САЩ) _b821.111(73) _x-93-32 _z821.111(73)-93-32 |
||
| 100 | 1 |
_aКини, Джеф _eпърви автор _9309890 |
|
| 139 |
_aКини, Джеф _bК 54 |
||
| 245 | 1 | 0 |
_aДневникът на един Дръндьо : Грозната истина : Ч.5 _cДжеф Кини; прев. от англ. Михаил Балабанов. |
| 257 | _aUSA | ||
| 260 |
_aСофия _bДУО ДИЗАЙН _c2013 |
||
| 300 |
_a218 с. _c21 см |
||
| 380 | _aX | ||
| 500 | _aОриг. загл. Diary of a Wimpy Kid. The Ugly Truth / Jeff Kinney. - Съдържа и За автора. Кн. 5. | ||
| 653 | _aповести | ||
| 653 | _aлитература за деца | ||
| 653 | _aдетска литература | ||
| 659 | _aН | ||
| 700 |
_aБалабанов, Михаил Петров _eпрев. от англ. _9443003 |
||
| 852 | _aЦб 255103 | ||
| 856 | 4 |
_qpdf _i0.00 _ldisable |
|
| 856 | 4 |
_qpdf _i0.00 _ldisable |
|
| 942 |
_cKNG _n0 _0331 _s1 |
||
| 944 |
_aCR _c13.02.2014 _lБояна Костадинова _k30551 |
||
| 944 |
_aED _c19.12.2016 _lф / _kПенка_Димитрова |
||
| 999 | _d150278 | ||
| 999 | _d150278 | ||